Guidelines on biodiversityand tourism development

Bibliographic Details
Corporate Author: Secretariat of the Convention on Biological Diversity
Format: Book
Published: Canada : Secretariat of the Convention on Biological Diversity , 2004
Subjects:

MARC

LEADER 00000cam a2200000 7i4500
001 0000003834
005 20110721.0
020 0 0 |a 9280724681 
090 0 0 |a 333.95   |b CBD 2004 
110 1 0 |a Secretariat of the Convention on Biological Diversity 
245 1 0 |a Guidelines on biodiversityand tourism development 
260 0 0 |a Canada :   |b Secretariat of the Convention on Biological Diversity ,   |c 2004 
300 |a 30 p. ;   |c 25 cm. 
650 0 0 |a Biodiversity 
998 |a JPSM 
999 |a 006415   |b Monograph   |c Open Shelf   |e Default branch